All Cookie Run: Ovenbreak Cookies (9th Anniversary) - Statistics

General Stats
  • This quiz has been taken 40 times
    38 since last reset
  • The average score is 145 of 236
Answer Stats
Answer % Correct
Alchemist Cookie
100%
Angel Cookie
100%
Cherry Cookie
100%
Devil Cookie
100%
Gingerbrave
100%
Gingerbright
100%
Hello Kitty
100%
Knight Cookie
100%
Pilot Cookie
100%
Pistachio Cookie
100%
Princess Cookie
100%
Skater Cookie
100%
Strawberry Cookie
100%
Vampire Cookie
100%
Abyss Monarch Cookie
75%
Adventurer Cookie
75%
Almond Cookie
75%
Aloe Cookie
75%
Ananas Dragon Cookie
75%
Apple Cookie
75%
Banana Cookie
75%
Blackberry Cookie
75%
Black Sugar Swan Cookie
75%
Blue Whale Cookie
75%
Candlelight Cookie
75%
Cappuccino Cookie
75%
Cauliflower Cookie
75%
Centipede Cookie
75%
Cheerleader Cookie
75%
Cheesecake Cookie
75%
Cherry Ball Cookie
75%
Cherry Blossom Cookie
75%
Chess Choco Cookie
75%
Chestnut Cookie
75%
Chili Pepper Cookie
75%
Choco Ball Cookie
75%
Choco Bar Cookie
75%
Churro Cookie
75%
Cocoa Cookie
75%
Coffee Cookie
75%
Cookiemals
75%
Cotton Candy Cookie
75%
Cream Ferret Cookie
75%
Cream Unicorn Cookie
75%
Crowberry Cookie
75%
Cyborg Cookie
75%
Dark Choco Cookie
75%
Dark Enchantress Cookie
75%
Dino-Sour Cookie
75%
Dragon Eye Cookie
75%
Dreamweaver Cookie
75%
Earl Grey Cookie
75%
Elderberry Cookie
75%
Electric Eel Cookie
75%
Escargot Cookie
75%
Everything Pie Cookie
75%
Fire Spirit Cookie
75%
Gumball Cookie
75%
Heartsping
75%
Herb Cookie
75%
Hero Cookie
75%
Ice Candy Cookie
75%
Ice Juggler Cookie
75%
Langue de Chat Cookie
75%
Licorice Cookie
75%
Lilac Cookie
75%
Longan Dragon Cookie
75%
Lotus Dragon Cookie
75%
Lychee Dragon Cookie
75%
Mala Sauce Cookie
75%
Mango Cookie
75%
Milk Cookie
75%
Milky Way Cookie
75%
Millennial Tree Cookie
75%
Mint Choco Cookie
75%
Mint Wafer Cookie
75%
Moonlight Cookie
75%
Muscle Cookie
75%
Mustard Cookie
75%
Obscure Umbra Cookie
75%
Pancake Cookie
75%
Peppercorn Cookie
75%
Pirate Cookie
75%
Pitaya Dragon Cookie
75%
Poison Mushroom Cookie
75%
Pomegranate Cookie
75%
Prophet Cookie
75%
Purple Yam Cookie
75%
Rambutan Cookie
75%
Raspberry Mousse Cookie
75%
Rebel Cookie
75%
Red Bean Cookie
75%
Red Pepper Cookie
75%
Rockstar Cookie
75%
Roguefort Cookie
75%
Scorpion Cookie
75%
Sea Fairy Cookie
75%
Shining Glitter Cookie
75%
Skating Queen Cookie
75%
Snow Sugar Cookie
75%
Sour Belt Cookie
75%
Sparkling Cookie
75%
Starch Noodle Cookie
75%
Steak Cookie
75%
Stevia Nova Cookie
75%
Strawberry Crepe Cookie
75%
Strawberry Stick Cookie
75%
Sugar Swan Cookie
75%
Timekeeper Cookie
75%
Truffle Cookie
75%
Twinkleping
75%
Walnut Cookie
75%
White Choco Cookie
75%
Wind Archer Cookie
75%
Wizard Cookie
75%
Xylitol Nova Cookie
75%
Yogurt Cream Cookie
75%
Agent Jjajang Cookie
50%
Agent Olive Cookie
50%
Amber Sugar Cookie
50%
Astronaut Cookie
50%
Astronuts
50%
Avocado Cookie
50%
Baguette Cookie
50%
Beet Cookie
50%
Bellflower Cookie
50%
Bell Pepper Cookie
50%
Birthday Cake Cookie
50%
Black Garlic Cookie
50%
Blueberry Pie Cookie
50%
Blue Lily Cookie
50%
Blue Slushy Cookie
50%
Butterbear Cookie
50%
Butter Pretzel Cookie
50%
Butter Squid Cookie
50%
Candy Corn Cookie
50%
Captain Ice Cookie
50%
Caramel Choux Cookie
50%
Carol Cookie
50%
Carrot Cookie
50%
Cherry Cola Cookie
50%
Chocolate Bark Cookie
50%
Coffee Candy Cookie
50%
Cookiedroid
50%
Cream Puff Cookie
50%
Cream Soda Cookie
50%
Croissant Cookie
50%
Currant Cream Cookie
50%
DJ Cookie
50%
Dr. Bones Cookie
50%
Dreamjelly Cookie
50%
Dr. Wasabi Cookie
50%
Eggnog Cookie
50%
Fairy Cookie
50%
Firecracker Cookie
50%
Flat Tofu Cookie
50%
General Jujube Cookie
50%
Gim Cookie
50%
Ginseng Cookie
50%
Grapefruit Cookie
50%
Habanero Cookie
50%
Hydrangea Cookie
50%
Ion Cookie Robot
50%
Kumiho Cookie
50%
Leek Cookie
50%
Lemon Cookie
50%
Lilybell Cookie
50%
Lime Cookie
50%
Lobster Cookie
50%
Lollipop Cookie
50%
Macaron Cookie
50%
Marble Bread Cookie
50%
Mocha Ray Cookie
50%
Moon Rabbit Cookie
50%
Ninja Cookie
50%
Okchun Cookie
50%
Onion Cookie
50%
Orange Cookie
50%
Pastel Meringue Cookie
50%
Peach Cookie
50%
Peperoncino Cookie
50%
Peppermint Cookie
50%
Pink Choco Cookie
50%
Pizza Cookie
50%
Plum Cookie
50%
Pond Dino Cookie
50%
Popping Candy Cookie
50%
Potato Cookie
50%
Pudding Cookie
50%
Roll Cake Cookie
50%
Rose Cookie
50%
Salt Cookie
50%
Sandwich Cookie
50%
Schneeball Cookie
50%
Shine Muscat Cookie
50%
Snake Fruit Cookie
50%
Soda Cookie
50%
Sorbet Shark Cookie
50%
Space Doughnut
50%
Spinach Cookie
50%
Squid Ink Cookie
50%
Starfruit Cookie
50%
Stollen Cookie
50%
Strawberry Cream Cookie
50%
String Gummy Cookie
50%
Sugar Glass Cookie
50%
Tiger Lily Cookie
50%
Tiramisu Cookie
50%
Vagabond Cookie
50%
Werewolf Cookie
50%
Whipped Cream Cookie
50%
White Ghost Cookie
50%
White Peach Cookie
50%
Yeot Cookie
50%
Buttercream Choco Cookie
25%
Cannoli Cookie
25%
Chocolate Bonbon Cookie
25%
Cinnamon Cookie
25%
Fig Cookie
25%
Goblin Cookie
25%
Kiwi Cookie
25%
Marshmallow Cookie
25%
Matcha Cookie
25%
Melon Bun Cookie
25%
Peppernut Cookie
25%
Popcorn Cookie
25%
Red Panna Cotta Cookie
25%
Sauna Egg Cookie
25%
Smore Cookie
25%
Tangerine Tanghulu Cookie
25%
Taurus Cookie
25%
Yoga Cookie
25%
Yugwa Cookie
25%
Zombie Cookie
25%
Mimmy
0%
Special Force Cookie
0%
No matching quizzes found
Score Distribution
Percent of People with Each Score
Percentile by Number Answered
Your Score History
You have not taken this quiz since the last reset